000 01071nim a2200241 i 4500
001 4750
003 ES-MaACL
005 20250612063102.0
007 s|r|||||||||||
008 070813s1976 sp ||| |||||||| | spa d
100 1 _aOurvantzoff, Miguel,
_d1897-1980
_987980
245 1 3 _aEl árbol genealógico de la Celestina [
_hGrabación sonora] /
_cinterviene Miguel Ourvantzoff.
260 _aMadrid :
_bAteneo de Madrid,
_c1976.
300 _a1 disco (CD-DA) :
_b1 h. 12 min. 36 seg. ;
_c12 cm.
500 _aDatos basados en la invitación.
518 _aActo organizado por el Aula de Conferencias Independientes del Ateneo de Madrid, grabado en la sala de conferencias el martes 20 de enero de 1976, a las 19:30 h.
600 1 4 _aRojas, Fernando de,
_dca. 1470-1541.
_tLa Celestina
_999043
610 2 4 _aAteneo de Madrid-
_xActos culturales-
_y1976-
_vGrabaciones sonoras.
_91886
710 2 _aAteneo de Madrid.
_bAula de Conferencias Independientes.
_91937
852 _aES-MaACL
_cROT
_jROT 3/5/9
_94867
942 _2udc
_cCDROM
999 _c4750
_d4750